| 000 | 00435nam a2200181Ia 4500 | ||
|---|---|---|---|
| 003 | GCL | ||
| 008 | 140319s9999 xx 000 0 eng d | ||
| 040 |
_aGCL / _cGCL |
||
| 082 | 0 | 4 |
_a791.437 _bP O |
| 100 | 1 | _aPICKARD, ROY | |
| 245 | 1 | 0 |
_aTHE OSCAR MOVIES / _cPICKARD, ROY |
| 260 |
_a[S.N] : _bSTUDIO VISTA ، _c1994 |
||
| 300 | _a292 P | ||
| 650 | 0 | 4 | _aOSCAR RECORD |
| 650 | 0 | 4 | _aFILMS |
| 650 | 0 | 4 | _aOSCAR MOVIES |
| 942 |
_2ddc _cBK |
||
| 999 |
_c15804 _d15804 |
||